000 00539nam a22001817a 4500
005 20260530164211.0
008 260530b |||||||| |||| 00| 0 eng d
020 _a9783110763683
_c3736.15
040 _aMAIN
041 _aEnglish
082 _a830.9
_bKNO
100 _aKnoferl, Eva
_926973
245 _aMythisches Erzahlen bei Hermann Hesse und Thomas Mann
_b: Literarische und philosophische Analysen zu Mythos und Rationalitat
260 _aBerlin
_bDe Gruyter
_c2021
300 _a458
650 _aGerman Language
942 _cBK
999 _c60945
_d60945